000 00470nam a2200169Ia 4500
003 LK-CoDNM
008 010623t2002 xxu||||| |||| 00| 1 eng d
040 _aLK-CoDNM
_dLK-CoDNM
_eLK-CoDNM
041 _aeng
080 _a351.778.5
_bKAR
100 _aKarunaratne, S.M.
245 _aHousing : Institution building devolution
260 _bInternational centre for ethnic studies
_c2002
300 _b17, 22.5 cm
650 _aHousing Public Utilities
942 _cBK
999 _c121719
_d121719